000 01284nam a22001577a 4500
999 _c517553
_d517553
008 210720b ||||| |||| 00| 0 eng d
100 _aVaagaasar, A.L., Hernes, T. and Dille, T.
_926781
245 _aThe challenges of implementing temporal shifts in temporary organizations: Implications of a situated temporal view
260 _aProject Management Journal
300 _a51(4), Aug, 2020: p.420-428
520 _aWe apply a situated temporal view to reveal the acute challenge actors face in making changes when their project moves toward its final deadline. A situated temporal view takes account not just of the dwindling time left to change the future but also the lingering past, the combination of which poses particular challenges to organizers. We discuss aspects of temporary organizing that make such temporal shifts challenging: the complex interplay between temporal structures and practices, multiple temporal orientations, and deferred timing of temporal shifts. We suggest ideas for further research to apply a situated temporal view to temporary organizing. – Reproduced
650 _aTemporary organization, Project, Time frame, Shifts, Situated temporality
_925435
773 _aProject Management Journal
906 _aPROJECT MANAGEMENT
942 _cAR